<?xml version="1.0" encoding="UTF-8"?>
<record
    xmlns:xsi="http://www.w3.org/2001/XMLSchema-instance"
    xsi:schemaLocation="http://www.loc.gov/MARC21/slim http://www.loc.gov/standards/marcxml/schema/MARC21slim.xsd"
    xmlns="http://www.loc.gov/MARC21/slim">

  <leader>01719nam0a2200361 i 4500</leader>
  <controlfield tag="001">RU\NLR\bibl\1890423</controlfield>
  <controlfield tag="005">20260405231659.0</controlfield>
  <datafield tag="010" ind1=" " ind2=" ">
    <subfield code="a">9785397028424</subfield>
  </datafield>
  <datafield tag="021" ind1=" " ind2=" ">
    <subfield code="a">RU</subfield>
    <subfield code="b">2012-19686</subfield>
    <subfield code="9">1488</subfield>
  </datafield>
  <datafield tag="035" ind1=" " ind2=" ">
    <subfield code="a">(NLR Aleph) 001880117</subfield>
  </datafield>
  <datafield tag="090" ind1=" " ind2=" ">
    <subfield code="a">2779216</subfield>
    <subfield code="c">2779216</subfield>
  </datafield>
  <datafield tag="100" ind1=" " ind2=" ">
    <subfield code="a">20120409d2012    u  y0rusy50      ca</subfield>
  </datafield>
  <datafield tag="101" ind1="1" ind2=" ">
    <subfield code="a">rus</subfield>
    <subfield code="c">fre</subfield>
  </datafield>
  <datafield tag="102" ind1=" " ind2=" ">
    <subfield code="a">RU</subfield>
  </datafield>
  <datafield tag="105" ind1=" " ind2=" ">
    <subfield code="a">a   |||||||||</subfield>
  </datafield>
  <datafield tag="200" ind1="1" ind2=" ">
    <subfield code="a">&#x41E;&#x431; &#x43E;&#x440;&#x433;&#x430;&#x43D;&#x438;&#x437;&#x43E;&#x432;&#x430;&#x43D;&#x43D;&#x44B;&#x445; &#x442;&#x435;&#x43B;&#x430;&#x445;, &#x441;&#x443;&#x449;&#x435;&#x441;&#x442;&#x432;&#x443;&#x44E;&#x449;&#x438;&#x445; &#x432; &#x430;&#x442;&#x43C;&#x43E;&#x441;&#x444;&#x435;&#x440;&#x435;</subfield>
    <subfield code="e">&#x43E;&#x43F;&#x440;&#x43E;&#x432;&#x435;&#x440;&#x436;&#x435;&#x43D;&#x438;&#x435; &#x443;&#x447;&#x435;&#x43D;&#x438;&#x44F; &#x43E; &#x441;&#x430;&#x43C;&#x43E;&#x43F;&#x440;&#x43E;&#x438;&#x437;&#x432;&#x43E;&#x43B;&#x44C;&#x43D;&#x43E;&#x43C; &#x437;&#x430;&#x440;&#x43E;&#x436;&#x434;&#x435;&#x43D;&#x438;&#x438;</subfield>
    <subfield code="e">&#x43F;&#x435;&#x440;&#x435;&#x432;&#x43E;&#x434; &#x441; &#x444;&#x440;&#x430;&#x43D;&#x446;&#x443;&#x437;&#x441;&#x43A;&#x43E;&#x433;&#x43E;</subfield>
    <subfield code="f">&#x41B;. &#x41F;&#x430;&#x441;&#x442;&#x435;&#x440;</subfield>
  </datafield>
  <datafield tag="205" ind1=" " ind2=" ">
    <subfield code="a">&#x418;&#x437;&#x434;. 2-&#x435;</subfield>
    <subfield code="b">[&#x440;&#x435;&#x43F;&#x440;.]</subfield>
  </datafield>
  <datafield tag="210" ind1=" " ind2=" ">
    <subfield code="a">&#x41C;&#x43E;&#x441;&#x43A;&#x432;&#x430;</subfield>
    <subfield code="c">URSS</subfield>
    <subfield code="c">&#x41B;&#x438;&#x431;&#x440;&#x43E;&#x43A;&#x43E;&#x43C;</subfield>
    <subfield code="d">2012</subfield>
  </datafield>
  <datafield tag="215" ind1=" " ind2=" ">
    <subfield code="a">[2], 110, [3] &#x441;.</subfield>
    <subfield code="c">&#x438;&#x43B;.</subfield>
    <subfield code="d">22</subfield>
  </datafield>
  <datafield tag="225" ind1="1" ind2=" ">
    <subfield code="a">&#x418;&#x437; &#x43D;&#x430;&#x441;&#x43B;&#x435;&#x434;&#x438;&#x44F; &#x435;&#x441;&#x442;&#x435;&#x441;&#x442;&#x432;&#x435;&#x43D;&#x43D;&#x43E;-&#x43D;&#x430;&#x443;&#x447;&#x43D;&#x43E;&#x439; &#x43C;&#x44B;&#x441;&#x43B;&#x438;: &#x431;&#x438;&#x43E;&#x43B;&#x43E;&#x433;&#x438;&#x44F;</subfield>
  </datafield>
  <datafield tag="300" ind1=" " ind2=" ">
    <subfield code="a">&#x41D;&#x430; &#x442;&#x438;&#x442;. &#x43B;. &#x43E;&#x440;&#x438;&#x433;. &#x438;&#x437;&#x434;.: &#x421;. &#x41F;&#x435;&#x442;&#x435;&#x440;&#x431;&#x443;&#x440;&#x433;: &#x422;&#x438;&#x43F;. &#x410;.&#x41F;. &#x427;&#x435;&#x440;&#x432;&#x44F;&#x43A;&#x43E;&#x432;&#x430;, 1864</subfield>
  </datafield>
  <datafield tag="300" ind1=" " ind2=" ">
    <subfield code="a">&#x41D;&#x430; &#x442;&#x438;&#x442;. &#x43B;. &#x437;&#x430;&#x433;&#x43B;. &#x442;&#x430;&#x43A;&#x436;&#x435; &#x43D;&#x430; &#x444;&#x440;. &#x44F;&#x437;.: M&#xE9;moire sur les corpuscules organis&#xE9;s qui existent dans l'atmosph&#xE8;re</subfield>
  </datafield>
  <datafield tag="300" ind1=" " ind2=" ">
    <subfield code="a">&#x410;&#x432;&#x442;. &#x442;&#x430;&#x43A;&#x436;&#x435; &#x43D;&#x430; &#x444;&#x440;. &#x44F;&#x437;.: Louis Pasteur</subfield>
  </datafield>
  <datafield tag="517" ind1="1" ind2=" ">
    <subfield code="6">z01790</subfield>
    <subfield code="a">M&#xE9;moire sur les corpuscules organis&#xE9;s qui existent dans l'atmosph&#xE8;re</subfield>
    <subfield code="z">fre</subfield>
  </datafield>
  <datafield tag="606" ind1="1" ind2=" ">
    <subfield code="a">&#x416;&#x438;&#x437;&#x43D;&#x44C;</subfield>
    <subfield code="x">&#x41F;&#x440;&#x43E;&#x438;&#x441;&#x445;&#x43E;&#x436;&#x434;&#x435;&#x43D;&#x438;&#x435;</subfield>
    <subfield code="x">&#x422;&#x435;&#x43E;&#x440;&#x438;&#x44F;</subfield>
    <subfield code="9">2325307</subfield>
    <subfield code="3">RU\NLR\auth\661390894</subfield>
  </datafield>
  <datafield tag="686" ind1=" " ind2=" ">
    <subfield code="a">&#x415;013</subfield>
  </datafield>
  <datafield tag="700" ind1=" " ind2="1">
    <subfield code="4">070</subfield>
    <subfield code="8">rus</subfield>
    <subfield code="7">ca</subfield>
    <subfield code="a">&#x41F;&#x430;&#x441;&#x442;&#x435;&#x440;</subfield>
    <subfield code="b">&#x41B;.</subfield>
    <subfield code="f">1822-1895</subfield>
    <subfield code="g">&#x41B;&#x443;&#x438;</subfield>
    <subfield code="3">RU\NLR\auth\77105559</subfield>
    <subfield code="9">88484</subfield>
  </datafield>
  <datafield tag="790" ind1=" " ind2="1">
    <subfield code="6">z01517</subfield>
    <subfield code="a">Pasteur</subfield>
    <subfield code="b">L.</subfield>
    <subfield code="f">1822-1895</subfield>
    <subfield code="g">Louis</subfield>
    <subfield code="4">070</subfield>
  </datafield>
  <datafield tag="801" ind1=" " ind2="0">
    <subfield code="a">RU</subfield>
    <subfield code="b">NLR</subfield>
    <subfield code="c">20120409</subfield>
    <subfield code="g">RCR</subfield>
  </datafield>
  <datafield tag="801" ind1=" " ind2="1">
    <subfield code="a">RU</subfield>
    <subfield code="b">NLR</subfield>
    <subfield code="c">20120409</subfield>
  </datafield>
  <datafield tag="942" ind1=" " ind2=" ">
    <subfield code="c">BOOK</subfield>
  </datafield>
  <datafield tag="980" ind1=" " ind2=" ">
    <subfield code="a">NBR</subfield>
  </datafield>
</record>
